| 000 | 00522nam a2200169Ia 4500 | ||
|---|---|---|---|
| 008 | 090123s9999 xx 000 0 und d | ||
| 082 |
_b13114 _a891.463/तांबोळी |
||
| 100 | _aतांबोळी लक्ष्मीकांत | ||
| 245 | _aअंबा | ||
| 250 | _a0 | ||
| 300 | _a76 | ||
| 600 | _aतांबोळी लक्ष्मीकांत | ||
| 630 | _aअंबा | ||
| 700 | _aतांबोळी लक्ष्मीकांत | ||
| 730 | _aअंबा | ||
| 942 | _cBOOK | ||
| 999 |
_c51177 _d51177 |
||